Rediscovering Japanese Business Leadership: (Record no. 326642)

MARC details
000 -LEADER
fixed length control field 00516nam a2200157Ia 4500
008 - FIXED-LENGTH DATA ELEMENTS--GENERAL INFORMATION
fixed length control field 230718s9999 xx 000 0 und d
041 ## - LANGUAGE CODE
Language code of text/sound track or separate title eng
082 ## - DEWEY DECIMAL CLASSIFICATION NUMBER
Classification number 330.954
Item number HAS
100 ## - MAIN ENTRY--PERSONAL NAME
Personal name Hasegawa Y.
9 (RLIN) 175202
245 ## - TITLE STATEMENT
Title Rediscovering Japanese Business Leadership:
Remainder of title 15 Japanese Managers And The Companies They're Leading To New growth
260 ## - PUBLICATION, DISTRIBUTION, ETC. (IMPRINT)
Date of publication, distribution, etc. 2010
Name of publisher, distributor, etc. Times Group books
300 ## - PHYSICAL DESCRIPTION
Extent 217
365 ## - TRADE PRICE
Currency code Rs.
Price amount 549.00
700 ## - ADDED ENTRY--PERSONAL NAME
Personal name Hasegawa Y.
9 (RLIN) 175202
906 ## - LOCAL DATA ELEMENT F, LDF (RLIN)
d O:0139616-Dec-2010B:641129-Dec-2010
c GENRL
b 137.25
Holdings
Withdrawn status Lost status Damaged status Not for loan Home library Current library Date acquired Vendor Budget Code Cost, normal purchase price Bill number Total Checkouts Full call number Barcode Date last seen Discount Cost, replacement price Bill Date Koha item type Original Barcode
        Cummins College of Engineering for Women Pune Cummins College of Engineering for Women Pune 16/12/2010 Tbs GENRL 411.75 6411   330.954 CCEP-BK-37849 18/07/2023 137.25 549.00 29/12/2010 Books 037849